000 00894nam a2200253Ia 4500
003 OSt
005 20220923211010.0
006 a|||||r|||| 00| 0
007 ta
008 220922b |||||||| |||| 00| 0 hin d
020 _a8170551331 (hbk)
_c350
024 _a235,771
037 _b485, 21/03/2008, Vani Prakashan
_cTextual
040 _aARTS
_cARTS
_bhin
041 _2hin
_ahin
082 _aV2z7, 152P6
100 _aदुबे, अभय कुमार, संपा.
_9156991
245 0 _aभारत का भूमंडलीकरण
246 _aBhārat kā bhūhinḍalīkaraṇa
260 _aनई दिल्ली
_b वाणी प्रकाशन
_c2006
300 _a455पृ.
_ccm.
942 _hV2z7, 152P6
_cTEXL
_2CC
999 _c293709
_d293709